[Event "Vojvodina Championship 2012"]
[Site "Novi Sad"]
[Date "2012.06.29"]
[Round "1"]
[White "Indjic, Aleksandar"]
[Black "Agic, Andja"]
[Result "1-0"]
[WhiteElo "2432"]
[BlackElo "1977"]
[PlyCount "77"]
[EventDate "2012.??.??"]
[Source "Perpetual Check"]

1. d4 d5 2. c4 e6 3. Nc3 Nf6 4. cxd5 exd5 5. Bg5 Be7 6. e3 O-O 7. Bd3 h6 8. Bh4
b6 9. Nge2 Bb7 10. O-O Nbd7 11. Rc1 c5 12. Bb1 Re8 13. Qd3 Nf8 14. Bxf6 Bxf6
15. dxc5 bxc5 16. Rfd1 c4 17. Qc2 Bxc3 18. Nxc3 Qg5 19. Qf5 Re5 20. Qxg5 hxg5
21. Rd2 Ne6 22. Rcd1 Rd8 23. Be4 f5 24. Bxd5 Bxd5 25. Nxd5 Kf7 26. Nc3 Ke7 27.
Rxd8 Nxd8 28. Kf1 Nc6 29. Ke2 g6 30. a3 Ke6 31. h3 Ke7 32. Rd2 Ke6 33. Kd1 Ke7
34. Kc2 Ke6 35. Ne2 Re4 36. Kc3 f4 37. Nd4+ Kd5 38. Nf3+ Kc5 39. Nxg5 1-0

[Event "Vojvodina Championship 2012"]
[Site "Novi Sad"]
[Date "2012.06.29"]
[Round "1"]
[White "Milicevic, Dragan"]
[Black "Tosic, Miroslav"]
[Result "0-1"]
[WhiteElo "1974"]
[BlackElo "2415"]
[PlyCount "102"]
[EventDate "2012.??.??"]
[Source "Perpetual Check"]

1. d4 Nf6 2. Bg5 c5 3. Bxf6 gxf6 4. d5 Qb6 5. Qc1 e6 6. Nc3 f5 7. Rb1 Bg7 8.
dxe6 dxe6 9. e3 Bd7 10. Nge2 Bc6 11. Nf4 Nd7 12. Be2 Qa5 13. Qd2 Rd8 14. O-O
Nf8 15. Qe1 Ng6 16. Nh5 Bxc3 17. Qxc3 Qxc3 18. bxc3 Ke7 19. Rfd1 Rxd1+ 20. Rxd1
Rg8 21. g3 e5 22. Kf1 Nf8 23. Ke1 Ne6 24. h4 Nc7 25. c4 Ne8 26. f3 Nd6 27. Kf2
Rg6 28. g4 fxg4 29. fxg4 Ne4+ 30. Ke1 Nc3 31. Rd2 Nxe2 32. Kxe2 Rxg4 33. Ke1
Rxh4 34. Ng3 Rh3 35. Nf5+ Ke6 36. Rf2 Be4 37. Ng7+ Ke7 38. Kd2 f6 39. a4 h5 40.
a5 Kf7 41. Nf5 Bxf5 42. Rxf5 Rh1 43. Kd3 Kg6 44. Rf2 f5 45. Rg2+ Kf6 46. Rg8
e4+ 47. Kd2 Rh2+ 48. Kd1 h4 49. Rb8 h3 50. Rxb7 Rg2 51. Rxa7 h2 0-1

[Event "Vojvodina Championship 2012"]
[Site "Novi Sad"]
[Date "2012.06.29"]
[Round "1"]
[White "Radlovacki, Jovan"]
[Black "Djurnic, Strahinja"]
[Result "1/2-1/2"]
[WhiteElo "2412"]
[BlackElo "1973"]
[PlyCount "100"]
[EventDate "2012.??.??"]
[Source "Perpetual Check"]

1. e4 c5 2. Nf3 Nc6 3. Bb5 Na5 4. c3 a6 5. Ba4 b5 6. Bc2 Bb7 7. d4 cxd4 8. cxd4
Nf6 9. Nbd2 e6 10. O-O Be7 11. Re1 d5 12. e5 Nd7 13. Re2 Rc8 14. Ne1 Qb6 15.
Ndf3 b4 16. h4 Bc6 17. Bg5 Bb5 18. Bd3 Bxg5 19. hxg5 Bc4 20. Bxc4 Rxc4 21. b3
Rc8 22. Rc2 O-O 23. Rac1 Qb7 24. Nd3 Nc6 25. Qd2 a5 26. Nb2 Na7 27. Na4 Rxc2
28. Rxc2 Rc8 29. Ne1 Rxc2 30. Nxc2 Nb5 31. g3 Qc6 32. Kg2 Nb6 33. Nc5 Nd7 34.
Nxd7 Qxd7 35. a3 Nxa3 36. Nxa3 bxa3 37. Qxa5 Qe7 38. b4 a2 39. b5 g6 40. Qxa2
Qb4 41. Qa8+ Kg7 42. Qc6 Qxd4 43. b6 Qe4+ 44. Kh2 Qe2 45. Qc5 Qb2 46. Kg2 d4
47. Qc7 d3 48. b7 d2 49. b8=Q Qxb8 50. Qxb8 d1=Q 1/2-1/2

[Event "Vojvodina Championship 2012"]
[Site "Novi Sad"]
[Date "2012.06.29"]
[Round "1"]
[White "Bodiroga, Predrag"]
[Black "Mladenovich, Stefan"]
[Result "1-0"]
[WhiteElo "2395"]
[BlackElo "1970"]
[PlyCount "69"]
[EventDate "2012.??.??"]
[Source "Perpetual Check"]

1. d4 Nf6 2. Bf4 d5 3. e3 Bf5 4. c4 e6 5. Qb3 Nc6 6. a3 Rb8 7. Nc3 Bd6 8. Bxd6
Qxd6 9. Nf3 a6 10. cxd5 exd5 11. Be2 O-O 12. O-O Rfd8 13. Na4 Ne4 14. Rfc1 Na5
15. Qa2 b5 16. Nc5 Nxc5 17. Rxc5 c6 18. Rc3 Rbc8 19. b3 Rc7 20. Rac1 f6 21. Ne1
Rb8 22. Bd3 Bxd3 23. Nxd3 Rb6 24. R3c2 Kf8 25. Qb2 Ke8 26. Qc3 Nb7 27. a4 b4
28. Qd2 a5 29. Nc5 g6 30. e4 Re7 31. f3 dxe4 32. Nxe4 Qe6 33. Qf4 Rf7 34. Qb8+
Kd7 35. d5 1-0

[Event "Vojvodina Championship 2012"]
[Site "Novi Sad"]
[Date "2012.06.29"]
[Round "1"]
[White "Nestorovic, Dejan"]
[Black "Ratic, Zoran"]
[Result "1-0"]
[WhiteElo "2390"]
[BlackElo "1962"]
[PlyCount "57"]
[EventDate "2012.??.??"]
[Source "Perpetual Check"]

1. d4 d5 2. c4 c6 3. Nf3 Nf6 4. Nc3 g6 5. e3 Bg7 6. Bd3 O-O 7. O-O Bg4 8. h3
Bxf3 9. Qxf3 e5 10. dxe5 Nfd7 11. cxd5 Nxe5 12. Qe2 Nxd3 13. Qxd3 Bxc3 14. Qxc3
Qxd5 15. e4 Qh5 16. b3 Nd7 17. Bb2 f6 18. Rad1 Rad8 19. Rd6 Ne5 20. Rxd8 Rxd8
21. f4 Rd3 22. Qc2 Rxh3 23. gxh3 Nf3+ 24. Kg2 Nh4+ 25. Kg3 g5 26. Qc4+ Kf8 27.
Bxf6 gxf4+ 28. Rxf4 Ng6 29. Rf3 1-0

[Event "Vojvodina Championship 2012"]
[Site "Novi Sad"]
[Date "2012.06.29"]
[Round "1"]
[White "Topoljski, Pavel"]
[Black "Kosanovic, Goran A"]
[Result "0-1"]
[WhiteElo "1961"]
[BlackElo "2370"]
[PlyCount "62"]
[EventDate "2012.??.??"]
[Source "Perpetual Check"]

1. d4 c5 2. Nf3 cxd4 3. Nxd4 d5 4. g3 e5 5. Nf3 Nc6 6. Bg2 Be7 7. O-O Be6 8. b3
e4 9. Ne1 f5 10. Bb2 Nf6 11. c3 h5 12. Nc2 h4 13. Nd4 Nxd4 14. Qxd4 hxg3 15.
hxg3 Qc7 16. Ba3 f4 17. Bxe7 Kxe7 18. Na3 fxg3 19. Nb5 gxf2+ 20. Rxf2 Qb6 21.
Qxb6 axb6 22. a4 Bd7 23. Na3 b5 24. axb5 Bxb5 25. Nc2 Rxa1+ 26. Nxa1 Rc8 27.
Nc2 Rxc3 28. Nd4 Rc1+ 29. Bf1 Bd7 30. Nf5+ Bxf5 31. Rxf5 Ng4 0-1

[Event "Vojvodina Championship 2012"]
[Site "Novi Sad"]
[Date "2012.06.29"]
[Round "1"]
[White "Nestorovic, Lazar"]
[Black "Van Meegen, Ruud"]
[Result "1-0"]
[WhiteElo "2365"]
[BlackElo "1958"]
[PlyCount "85"]
[EventDate "2012.??.??"]
[Source "Perpetual Check"]

1. e4 c5 2. Nf3 Nc6 3. d4 cxd4 4. Nxd4 g6 5. Nc3 Bg7 6. Be3 Nf6 7. Bc4 d6 8. h3
O-O 9. Bb3 a6 10. Qf3 Qc7 11. O-O-O Ne5 12. Qe2 b5 13. Kb1 Rb8 14. Bg5 Bb7 15.
h4 Rfc8 16. h5 Nxh5 17. Nf5 Nf6 18. Nxg7 Kxg7 19. f4 Nc4 20. Rh3 h5 21. f5 Ng4
22. Qd3 Rf8 23. Rh4 Rbe8 24. Rdh1 Rh8 25. Qd4+ Nce5 26. Bd5 Bc8 27. Rf1 Qc5 28.
Qd2 Rhf8 29. Ne2 e6 30. f6+ Kh7 31. Bb3 Rh8 32. Nf4 Kg8 33. Nd3 Qd4 34. Qe2 Bb7
35. Re1 Nxd3 36. cxd3 Qf2 37. Qd1 Qxg2 38. Rg1 Qf2 39. Rgxg4 hxg4 40. Rxh8+
Kxh8 41. Qh1+ Kg8 42. Qh6 Qf1+ 43. Bd1 1-0

[Event "Vojvodina Championship 2012"]
[Site "Novi Sad"]
[Date "2012.06.29"]
[Round "1"]
[White "Skrivanko, Tomislav"]
[Black "Klasan, Vladimir"]
[Result "0-1"]
[WhiteElo "1951"]
[BlackElo "2355"]
[PlyCount "78"]
[EventDate "2012.??.??"]
[Source "Perpetual Check"]

1. e4 c5 2. Nf3 d6 3. d4 cxd4 4. Nxd4 Nf6 5. Nc3 Nc6 6. Bg5 e6 7. Bb5 Bd7 8.
O-O Be7 9. Ba4 O-O 10. Kh1 a6 11. a3 b5 12. Bb3 h6 13. Be3 Qc7 14. f4 Na5 15.
Ba2 Nc4 16. Bc1 Rac8 17. Bb3 Qb7 18. Qe2 Na5 19. Be3 Nxe4 20. f5 Nxb3 21. cxb3
Nxc3 22. bxc3 e5 23. f6 Bxf6 24. Nf5 Bxf5 25. Rxf5 Qe4 26. Qf2 Bh4 27. Qf3 Qxf3
28. Rxf3 Rxc3 29. Rd1 Rfc8 30. h3 e4 31. Rf4 Bg5 32. h4 Bxf4 33. Bxf4 Rd3 34.
Re1 d5 35. b4 Rxa3 36. Bd6 f5 37. g3 d4 38. Bc5 Rxc5 39. bxc5 Rc3 0-1

[Event "Vojvodina Championship 2012"]
[Site "Novi Sad"]
[Date "2012.06.29"]
[Round "1"]
[White "Doric, Nenad"]
[Black "Poprzen, Miroslav"]
[Result "1-0"]
[WhiteElo "2339"]
[BlackElo "1940"]
[PlyCount "129"]
[EventDate "2012.??.??"]
[Source "Perpetual Check"]

1. d4 Nf6 2. Nf3 e6 3. e3 b6 4. Bd3 Bb7 5. O-O Be7 6. c4 O-O 7. Nc3 d5 8. cxd5
exd5 9. Ne5 c5 10. Qf3 Nc6 11. Qh3 h6 12. Rd1 a6 13. Be2 Qc7 14. f4 Rad8 15.
Bf3 Nxe5 16. dxe5 Ne4 17. g4 b5 18. Qg2 b4 19. Ne2 Bh4 20. Ng3 Bxg3 21. hxg3
Rd7 22. Bd2 Rfd8 23. Be1 a5 24. Rac1 Qb6 25. Qc2 c4 26. Rd4 Nc5 27. Bf2 Nd3 28.
Rd1 Qb5 29. b3 Nxf2 30. Kxf2 c3 31. Be2 Qc5 32. Bd3 Bc6 33. Bh7+ Kf8 34. Bf5
Re7 35. Rh1 Bd7 36. Bxd7 Rexd7 37. Qh7 f6 38. exf6 gxf6 39. Qxh6+ Ke7 40. Qg6
c2 41. Rc1 Rc8 42. Rd2 Rdc7 43. Qd3 Kd6 44. Kg2 Qc6 45. e4 Ke7 46. Qxd5 Qxd5
47. Rxd5 Rc5 48. Rxc5 Rxc5 49. Kf2 Rc3 50. Ke2 Kd6 51. Kd2 Rxg3 52. Rxc2 Rxg4
53. Ke3 Rg1 54. Rd2+ Kc6 55. Rd5 Re1+ 56. Kf3 Rf1+ 57. Kg4 a4 58. bxa4 Rf2 59.
Rb5 Rxa2 60. Rxb4 Kc5 61. Rb5+ Kc6 62. Rf5 Rxa4 63. Rxf6+ Kd7 64. e5 Ke7 65.
Rb6 1-0

[Event "Vojvodina Championship 2012"]
[Site "Novi Sad"]
[Date "2012.06.29"]
[Round "1"]
[White "Castven, Samuel"]
[Black "Lanzani, Mario"]
[Result "0-1"]
[WhiteElo "1919"]
[BlackElo "2327"]
[PlyCount "72"]
[EventDate "2012.??.??"]
[Source "Perpetual Check"]

1. c4 e5 2. Nc3 Nf6 3. a3 c6 4. d4 exd4 5. Qxd4 d5 6. Qe5+ Be7 7. e3 O-O 8. Nf3
Nbd7 9. Qd4 Nc5 10. Qd1 dxc4 11. Bxc4 Qxd1+ 12. Nxd1 b5 13. Ba2 Ba6 14. b4 Nd3+
15. Ke2 Nxc1+ 16. Rxc1 c5 17. Ne5 Rac8 18. Nb2 Bd6 19. Nxf7 Rxf7 20. Bxf7+ Kxf7
21. Nd3 c4 22. Ne1 Bb7 23. f3 a5 24. Nc2 axb4 25. axb4 Nd5 26. Nd4 Bxb4 27.
Nxb5 c3 28. Ra1 Re8 29. e4 Nf4+ 30. Kf2 Bc6 31. Na3 Bc5+ 32. Kg3 Ne2+ 33. Kh3
Bd7+ 34. g4 Bxa3 35. Rxa3 c2 36. Ra7 Ke7 0-1

[Event "Vojvodina Championship 2012"]
[Site "Novi Sad"]
[Date "2012.06.29"]
[Round "1"]
[White "Petkovic, Radosav"]
[Black "Petrovic, Danijela"]
[Result "1-0"]
[WhiteElo "2305"]
[BlackElo "1916"]
[PlyCount "41"]
[EventDate "2012.??.??"]
[Source "Perpetual Check"]

1. e4 c6 2. d4 d5 3. Nc3 dxe4 4. Nxe4 Bf5 5. Ng3 Bg6 6. Nh3 Nf6 7. Nf4 e6 8. h4
h5 9. Nxg6 fxg6 10. Bd3 Kf7 11. c3 Qd5 12. O-O Bd6 13. c4 Qa5 14. Qc2 c5 15.
Bxg6+ Kf8 16. Ne4 Qc7 17. Ng5 Ke7 18. Re1 Bh2+ 19. Kh1 Kd7 20. Nxe6 Qd6 21.
dxc5 1-0

[Event "Vojvodina Championship 2012"]
[Site "Novi Sad"]
[Date "2012.06.30"]
[Round "2"]
[White "Drazic, Sinisa"]
[Black "Srdjanov, Stevan"]
[Result "1-0"]
[WhiteElo "2528"]
[BlackElo "2199"]
[PlyCount "83"]
[EventDate "2012.??.??"]
[Source "Perpetual Check"]

1. d4 Nf6 2. c4 d6 3. Nf3 Nbd7 4. Nc3 e5 5. e4 c6 6. Be2 Be7 7. O-O O-O 8. Qc2
a6 9. Be3 b5 10. Rad1 Qc7 11. h3 Bb7 12. a3 Rac8 13. Qb1 Rfe8 14. Rfe1 Bf8 15.
Bf1 exd4 16. Bxd4 Ne5 17. Nd2 Nh5 18. Be3 Ng6 19. Rc1 Qe7 20. Nb3 Qh4 21. Rc2
Ne5 22. Na5 Ba8 23. Qd1 Re6 24. g4 Rg6 25. Bg2 Nf6 26. cxb5 cxb5 27. Bf4 Nfd7
28. Bg3 Qd8 29. b4 Nc4 30. Nxc4 Rxc4 31. Nd5 Nb6 32. Nf4 Rh6 33. Rd2 g5 34. Nh5
Qc8 35. Qa1 Rc3 36. Red1 Re6 37. Rd3 Rxd3 38. Rxd3 Qd8 39. Be5 Nd7 40. Bg7 f6
41. Bxf8 Kxf8 42. f4 1-0

[Event "Vojvodina Championship 2012"]
[Site "Novi Sad"]
[Date "2012.06.30"]
[Round "2"]
[White "Popovic, Dobrivoj"]
[Black "Saric, Sinisa"]
[Result "0-1"]
[WhiteElo "2195"]
[BlackElo "2470"]
[PlyCount "73"]
[EventDate "2012.??.??"]
[Source "Perpetual Check"]

1. e4 d5 2. exd5 Qxd5 3. Nc3 Qd6 4. d4 Nf6 5. Nf3 c6 6. Bc4 Bg4 7. Bxf7+ Kxf7
8. Ne5+ Qxe5+ 9. dxe5 Bxd1 10. Nxd1 Nd5 11. O-O Nd7 12. f4 e6 13. c4 Bc5+ 14.
Kh1 N5b6 15. b3 Bd4 16. Bb2 Bxb2 17. Nxb2 Rhd8 18. Nd3 a5 19. Rae1 Re8 20. g4
Kg8 21. Kg2 a4 22. f5 axb3 23. axb3 Ra2+ 24. Kg1 Rd2 25. Re3 Nf8 26. f6 gxf6
27. exf6 Ra8 28. f7+ Kh8 29. Nf4 Nbd7 30. Nxe6 Nxe6 31. Rxe6 Rf8 32. Re7 Kg7
33. Rf5 b6 34. h4 h6 35. Kf1 Nc5 36. b4 Rd7 37. Re8 0-1

[Event "Vojvodina Championship 2012"]
[Site "Novi Sad"]
[Date "2012.06.30"]
[Round "2"]
[White "Vukovic, Miroslav R"]
[Black "Indjic, Aleksandar"]
[Result "0-1"]
[WhiteElo "2193"]
[BlackElo "2432"]
[PlyCount "78"]
[EventDate "2012.??.??"]
[Source "Perpetual Check"]

1. e4 c5 2. Nf3 d6 3. d4 cxd4 4. Nxd4 Nf6 5. Nc3 a6 6. Bg5 e6 7. f4 h6 8. Bh4
Qb6 9. Qd2 Qxb2 10. Rb1 Qa3 11. e5 dxe5 12. fxe5 Nd5 13. Nxd5 exd5 14. e6 Bxe6
15. Nxe6 fxe6 16. Bd3 Be7 17. Bg6+ Kd8 18. Bxe7+ Qxe7 19. O-O Nd7 20. Rxb7 Qc5+
21. Kh1 Ra7 22. Rb3 Rf8 23. Rxf8+ Nxf8 24. Bd3 Ke7 25. Qf4 Nd7 26. h3 g5 27.
Qf1 a5 28. Qe2 Qd4 29. Qh5 Qa1+ 30. Kh2 a4 31. Rb5 Qe5+ 32. Kh1 Qg7 33. a3 Qa1+
34. Kh2 Qxa3 35. Qxh6 Qd6+ 36. Kh1 Qe5 37. c4 a3 38. Qh7+ Kd8 39. cxd5 a2 0-1

[Event "Vojvodina Championship 2012"]
[Site "Novi Sad"]
[Date "2012.06.30"]
[Round "2"]
[White "Tosic, Miroslav"]
[Black "Kler, Borko"]
[Result "1-0"]
[WhiteElo "2415"]
[BlackElo "2196"]
[PlyCount "88"]
[EventDate "2012.??.??"]
[Source "Perpetual Check"]

1. d4 Nf6 2. c4 g6 3. Nc3 Bg7 4. e4 d6 5. Nf3 O-O 6. Be2 c6 7. O-O a6 8. Qc2 b5
9. Be3 Ng4 10. Bg5 f6 11. Bc1 e5 12. h3 Nh6 13. Be3 f5 14. Bg5 Qe8 15. dxe5
dxe5 16. Rad1 Nf7 17. Be3 Nd8 18. cxb5 axb5 19. a4 f4 20. Bc5 Rf6 21. axb5 Nb7
22. Ba3 g5 23. bxc6 Nxc6 24. Nd5 Nd4 25. Rxd4 exd4 26. Nc7 Qa4 27. Qc4+ Kh8 28.
Nxa8 Qxa8 29. Nxg5 Nd8 30. Qxd4 Ne6 31. Nxe6 Bxe6 32. Rd1 Bg8 33. Bf3 Qc8 34.
e5 Rg6 35. Kh1 Rg5 36. Bd6 Qe8 37. Ra1 Bxe5 38. Bxe5+ Qxe5 39. Ra4 Qxd4 40.
Rxd4 Rb5 41. Rxf4 Rxb2 42. Kh2 Kg7 43. Rg4+ Kf8 44. Ra4 Rd2 1-0

[Event "Vojvodina Championship 2012"]
[Site "Novi Sad"]
[Date "2012.06.30"]
[Round "2"]
[White "Parnicki, Zlatko"]
[Black "Bodiroga, Predrag"]
[Result "0-1"]
[WhiteElo "2177"]
[BlackElo "2395"]
[PlyCount "104"]
[EventDate "2012.??.??"]
[Source "Perpetual Check"]

1. c4 Nf6 2. Nc3 g6 3. e4 d6 4. d4 Bg7 5. f3 O-O 6. Be3 Nbd7 7. Qd2 c5 8. Nge2
a6 9. g4 Rb8 10. g5 Nh5 11. O-O-O cxd4 12. Nxd4 Ne5 13. Be2 Bd7 14. Kb1 b5 15.
cxb5 axb5 16. b3 Re8 17. Rhg1 e6 18. Ncxb5 Bxb5 19. Nxb5 Nxf3 20. Bxf3 Rxb5 21.
Be2 Rb6 22. Bd4 Bxd4 23. Qxd4 Nf4 24. Bf3 e5 25. Qd2 Ne6 26. h4 Nd4 27. Qe3 Qb8
28. Rd3 Rc8 29. Rc1 Rxc1+ 30. Kxc1 Rc6+ 31. Rc3 Nxb3+ 32. Kd1 Nc5 33. Qd2 Rb6
34. h5 gxh5 35. Ke2 Rb2 36. Rc2 Qb5+ 37. Kf2 Rxc2 38. Qxc2 Qb4 39. Kg3 Qe1+ 40.
Kg2 h4 41. Qf2 h3+ 42. Kg3 Qc3 43. Kg4 Qd3 44. Qb2 Qe3 45. Bh1 Ne6 46. Qb8+ Kg7
47. Qxd6 Qg1+ 48. Kh4 Qxg5+ 49. Kxh3 Nf4+ 50. Kh2 Qh4+ 51. Kg1 Qe1+ 52. Kh2
Qf2+ 0-1

[Event "Vojvodina Championship 2012"]
[Site "Novi Sad"]
[Date "2012.06.30"]
[Round "2"]
[White "Leskur, Dejan"]
[Black "Chandra, Akshat"]
[Result "1/2-1/2"]
[WhiteElo "2393"]
[BlackElo "2155"]
[PlyCount "53"]
[EventDate "2012.??.??"]
[Source "Perpetual Check"]

1. e4 c5 2. Nf3 Nc6 3. d4 cxd4 4. Nxd4 Nf6 5. Nc3 d6 6. f3 e5 7. Nb3 Be7 8. Be3
O-O 9. Qd2 a5 10. Bb5 Be6 11. Rd1 Na7 12. Be2 Nc8 13. O-O Nb6 14. Kh1 Nc4 15.
Bxc4 Bxc4 16. Rfe1 a4 17. Nc1 Qa5 18. a3 h6 19. N1a2 d5 20. exd5 Rfd8 21. Qf2
Ra6 22. Bd2 Bxa2 23. Nxa2 Qxd5 24. Nc3 Qa5 25. Na2 Qd5 26. Nc3 Qa5 27. Na2
1/2-1/2

[Event "Vojvodina Championship 2012"]
[Site "Novi Sad"]
[Date "2012.06.30"]
[Round "2"]
[White "Ratkovic, Miloje"]
[Black "Nestorovic, Dejan"]
[Result "1-0"]
[WhiteElo "2176"]
[BlackElo "2390"]
[PlyCount "55"]
[EventDate "2012.??.??"]
[Source "Perpetual Check"]

1. d4 Nf6 2. Nf3 g6 3. c4 Bg7 4. Nc3 d5 5. Qa4+ Bd7 6. Qb3 dxc4 7. Qxc4 O-O 8.
e4 b5 9. Qb3 c5 10. e5 Ng4 11. dxc5 Nxe5 12. Nxe5 Bxe5 13. Bh6 Re8 14. Bxb5 Qa5
15. Bc4 e6 16. O-O Qxc5 17. Ne4 Qc7 18. Bg5 Nc6 19. Qh3 Nd4 20. Rac1 Bc6 21.
Nf6+ Bxf6 22. Bxf6 e5 23. f4 Qb6 24. fxe5 Nf3+ 25. Kh1 Nxe5 26. Bxe5 Rxe5 27.
Rxf7 Rh5 28. Rb7+ 1-0

[Event "Vojvodina Championship 2012"]
[Site "Novi Sad"]
[Date "2012.06.30"]
[Round "2"]
[White "Kosanovic, Goran A"]
[Black "Vucinic, Gojko"]
[Result "0-1"]
[WhiteElo "2370"]
[BlackElo "2150"]
[PlyCount "82"]
[EventDate "2012.??.??"]
[Source "Perpetual Check"]

1. e4 c5 2. Nf3 d6 3. Bb5+ Bd7 4. Bxd7+ Qxd7 5. O-O Nc6 6. c3 Nf6 7. Re1 e6 8.
d4 cxd4 9. cxd4 d5 10. e5 Ne4 11. Nbd2 Nxd2 12. Bxd2 Be7 13. Rc1 O-O 14. Rc3
Rac8 15. a3 Rc7 16. Rd3 Rfc8 17. h4 Nb8 18. Ng5 h6 19. Nh3 f5 20. exf6 Bxf6 21.
Qg4 Nc6 22. Qxe6+ Qxe6 23. Rxe6 Bxh4 24. Nf4 Rd7 25. b4 Bf6 26. Nh5 Kf7 27. Re1
Re7 28. Rc1 Nxb4 29. Rxc8 Nxd3 30. Be3 Bg5 31. Bxg5 hxg5 32. Rc3 Re1+ 33. Kh2
Nxf2 34. Rf3+ Kg6 35. Rxf2 Kxh5 36. Rf7 Rb1 37. Rd7 Rb3 38. Rxg7 a6 39. Rd7 Kg4
40. Rf7 b5 41. a4 bxa4 0-1

[Event "Vojvodina Championship 2012"]
[Site "Novi Sad"]
[Date "2012.06.30"]
[Round "2"]
[White "Dronjic, Sinisa"]
[Black "Nestorovic, Lazar"]
[Result "0-1"]
[WhiteElo "2171"]
[BlackElo "2365"]
[PlyCount "47"]
[EventDate "2012.??.??"]
[Source "Perpetual Check"]

1. d4 Nf6 2. c4 g6 3. Nc3 Bg7 4. e4 d6 5. Be2 O-O 6. Bg5 a6 7. Nf3 c5 8. d5 b5
9. cxb5 axb5 10. Bxb5 Nxe4 11. Nxe4 Qa5+ 12. Nc3 Bxc3+ 13. bxc3 Qxb5 14. Qe2
Qxe2+ 15. Kxe2 Ba6+ 16. Kd1 f6 17. Bh6 Re8 18. Nd2 Nd7 19. Rb1 Bd3 20. Rb7 Ne5
21. Rb2 g5 22. h4 Ng4 23. Nf3 Nxh6 24. hxg5 0-1

[Event "Vojvodina Championship 2012"]
[Site "Novi Sad"]
[Date "2012.06.30"]
[Round "2"]
[White "Klasan, Vladimir"]
[Black "Markov, Ziva"]
[Result "1/2-1/2"]
[WhiteElo "2355"]
[BlackElo "2145"]
[PlyCount "138"]
[EventDate "2012.??.??"]
[Source "Perpetual Check"]

1. e4 e5 2. Nf3 Nc6 3. Bb5 f5 4. d3 fxe4 5. dxe4 Nf6 6. O-O d6 7. Nc3 Be7 8.
Qd3 Be6 9. Ng5 Bg8 10. f4 exf4 11. Bxf4 Nh5 12. Qf3 Nxf4 13. Qxf4 Bf6 14. Nd5
Bxd5 15. exd5 O-O 16. dxc6 Bxg5 17. Bc4+ Kh8 18. Qxf8+ Qxf8 19. Rxf8+ Rxf8 20.
cxb7 c6 21. Rf1 Bf6 22. c3 Rb8 23. Ba6 Kg8 24. a4 Kf7 25. a5 Ke6 26. Rf3 Kd7
27. b4 Kc7 28. Kf2 h6 29. Ke2 Re8+ 30. Kd2 Rb8 31. c4 Rd8 32. Rf5 d5 33. c5 Rf8
34. Kd3 Rd8 35. h3 d4 36. g4 Re8 37. b5 cxb5 38. c6 Re5 39. Rxe5 Bxe5 40. Bxb5
Bf6 41. Ke4 Kb8 42. Kd5 Bd8 43. a6 Bf6 44. Ke6 Bd8 45. Ke5 Bf6+ 46. Kf5 Kc7 47.
Kg6 Kb8 48. Bd3 Kc7 49. Be4 Kb8 50. Kf7 Kc7 51. Ke6 Bd8 52. Kf7 Bf6 53. Ke8 Bh4
54. Kf7 Bf6 55. Kg6 Kb8 56. Kh5 Be5 57. h4 Bf6 58. g5 hxg5 59. hxg5 Be5 60. Kg6
Kc7 61. Kf5 Bg3 62. Ke6 Bf4 63. g6 Bg3 64. Kd5 Bh2 65. Kxd4 Bg3 66. Kd5 Bh2 67.
Ke6 Bg3 68. Kf7 Be5 69. Ke8 Bf4 1/2-1/2

[Event "Vojvodina Championship 2012"]
[Site "Novi Sad"]
[Date "2012.06.30"]
[Round "2"]
[White "Lanzani, Mario"]
[Black "Iliev, Dimitar"]
[Result "1/2-1/2"]
[WhiteElo "2327"]
[BlackElo "2137"]
[PlyCount "59"]
[EventDate "2012.??.??"]
[Source "Perpetual Check"]

1. d4 d6 2. e4 c6 3. Nf3 Bg4 4. h3 Bxf3 5. Qxf3 e5 6. c3 Nf6 7. Bd3 Be7 8. O-O
O-O 9. dxe5 dxe5 10. Nd2 Nbd7 11. Re1 Nc5 12. Bc2 Qc7 13. Nf1 Rfd8 14. Ng3 g6
15. Bg5 Kg7 16. Rad1 Rxd1 17. Rxd1 Rd8 18. Rxd8 Qxd8 19. Qe3 b6 20. b4 Ne6 21.
Bh6+ Kh8 22. Qc1 Ng8 23. Be3 Bg5 24. Bb3 Bxe3 25. Qxe3 Qd7 26. Ne2 Ng7 27. g3
Ne7 28. Nc1 f6 29. h4 h5 30. a4 1/2-1/2

[Event "Vojvodina Championship 2012"]
[Site "Novi Sad"]
[Date "2012.06.30"]
[Round "2"]
[White "Pecurica, Milos"]
[Black "Petkovic, Radosav"]
[Result "0-1"]
[WhiteElo "2139"]
[BlackElo "2305"]
[PlyCount "131"]
[EventDate "2012.??.??"]
[Source "Perpetual Check"]

1. d4 Nf6 2. c4 g6 3. Nc3 Bg7 4. e4 d6 5. Nf3 O-O 6. Be2 Na6 7. O-O Qe8 8. Rb1
e5 9. dxe5 dxe5 10. b4 b6 11. h3 Bb7 12. Qc2 Nh5 13. Re1 Nf4 14. Bf1 Ne6 15. b5
Nac5 16. Nd5 c6 17. bxc6 Bxc6 18. Bb2 f6 19. Nd2 Rc8 20. Nb3 Ba4 21. Qc3 Rf7
22. Qg3 Ng5 23. Nxc5 bxc5 24. f4 exf4 25. Qxf4 Ne6 26. Qf2 Qf8 27. Bd3 Re8 28.
Re2 Qd6 29. Rf1 Ref8 30. Bb1 Qa6 31. Qe3 Bc6 32. Bd3 Qa5 33. Bc3 Qd8 34. Ref2
Nd4 35. Bxd4 cxd4 36. Qxd4 f5 37. e5 Rd7 38. Qc5 Bxd5 39. cxd5 Bxe5 40. Re2 Qf6
41. Kh1 Rc7 42. Qa5 Rc3 43. Qa6 Qd6 44. Rfe1 Qxa6 45. Bxa6 Bg3 46. Rd1 Rd8 47.
Bb7 Rc7 48. Ba6 Rxd5 49. Rf1 Rdc5 50. Re3 f4 51. Ref3 Rc2 52. a4 Kg7 53. Ra3
Rd2 54. Bd3 Re7 55. Bb5 h5 56. Kg1 Re3 57. Raa1 Rc3 58. Rac1 Rcc2 59. Rxc2 Rxc2
60. Rd1 h4 61. Kf1 Rf2+ 62. Kg1 g5 63. Rd7+ Kf6 64. Rxa7 Rb2 65. Ra5 g4 66.
hxg4 0-1

[Event "Vojvodina Championship 2012"]
[Site "Novi Sad"]
[Date "2012.06.30"]
[Round "2"]
[White "Mujagic, Ramo"]
[Black "Musicki, Stevan"]
[Result "0-1"]
[WhiteElo "2297"]
[BlackElo "2118"]
[PlyCount "70"]
[EventDate "2012.??.??"]
[Source "Perpetual Check"]

1. e4 c5 2. Nf3 e6 3. d4 cxd4 4. Nxd4 a6 5. Nc3 b5 6. Bd3 Bc5 7. Nb3 Bb6 8. Qe2
Nc6 9. Be3 Nge7 10. a3 Bxe3 11. Qxe3 O-O 12. Ne2 Ne5 13. O-O Nxd3 14. cxd3 d6
15. Rac1 e5 16. d4 Be6 17. dxe5 dxe5 18. Nc5 Qb6 19. Rfd1 Rfd8 20. b4 Bc4 21.
Nc3 a5 22. bxa5 Rxd1+ 23. Rxd1 Qxa5 24. Nd5 Ng6 25. Nb4 h6 26. Nc2 Rd8 27.
Rxd8+ Qxd8 28. f3 Nf4 29. Kf2 Qh4+ 30. Kg1 Ne2+ 31. Kh1 Ng3+ 32. Kg1 Nf1 33.
Qe1 Qxh2+ 34. Kf2 Ng3 35. Qe3 Nh1+ 0-1

[Event "Vojvodina Championship 2012"]
[Site "Novi Sad"]
[Date "2012.06.30"]
[Round "2"]
[White "Kanjuh, Vladimir"]
[Black "Kokeza, Mirko"]
[Result "0-1"]
[WhiteElo "2120"]
[BlackElo "2282"]
[PlyCount "42"]
[EventDate "2012.??.??"]
[Source "Perpetual Check"]

1. d4 g6 2. Nf3 Bg7 3. g3 Nf6 4. Bg2 O-O 5. O-O d5 6. c4 c6 7. Nc3 dxc4 8. Ne5
Be6 9. e4 Nbd7 10. Bf4 Nh5 11. Nxd7 Qxd7 12. Be3 b5 13. d5 cxd5 14. exd5 Bf5
15. d6 Rad8 16. dxe7 Qxe7 17. Qf3 Nf6 18. Nxb5 Be4 19. Qf4 Bxg2 20. Rfe1 Qb7
21. Bc5 Bh3 0-1

[Event "Vojvodina Championship 2012"]
[Site "Novi Sad"]
[Date "2012.06.30"]
[Round "2"]
[White "Peovic, Milos"]
[Black "Andabaka, Zeljko"]
[Result "0-1"]
[WhiteElo "2281"]
[BlackElo "2097"]
[PlyCount "76"]
[EventDate "2012.??.??"]
[Source "Perpetual Check"]

1. e4 c5 2. Nf3 d6 3. Bb5+ Bd7 4. Bxd7+ Qxd7 5. O-O Nc6 6. c3 Nf6 7. Re1 e6 8.
d4 cxd4 9. cxd4 d5 10. e5 Ne4 11. Nbd2 Nxd2 12. Bxd2 Be7 13. Rb1 O-O 14. b4 b5
15. Qe2 a6 16. Rec1 Rfc8 17. a3 Rc7 18. Qd3 Rac8 19. Ng5 Bxg5 20. Bxg5 h6 21.
Bd2 Nd8 22. a4 Rxc1+ 23. Bxc1 Qc6 24. Be3 Qc2 25. Qf1 Qxa4 26. g4 Rc4 27. Ra1
Qc2 28. Rxa6 Rxb4 29. Ra1 Qe4 30. h3 Nc6 31. Kh2 Nxd4 32. Qc1 Rc4 33. Ra8+ Kh7
34. Qa3 Qxe5+ 35. Kg2 Qe4+ 36. Kg3 Nc2 37. Qa7 Nxe3 38. fxe3 Rc3 0-1